| 000 | 01509nam a2200301 a 4500 | ||
|---|---|---|---|
| 001 | BRCA_2494 | ||
| 005 | 20190320203833.0 | ||
| 008 | 241108s1848----sp-a---###---#000-0dspa-u | ||
| 041 | _aspa | ||
| 044 | _asp | ||
| 084 |
_a134 _b.O45 _c1848 |
||
| 100 | 1 |
_aCervantes Saavedra, Miguel de _d1547-1616 _9213 |
|
| 245 | 1 | 0 |
_aEl Ingenioso Hidalgo Don Quijote de la Mancha _ccompuesto por Miguel de Cervantes Saavedra. |
| 260 |
_aBarcelona _bD. Juan Oliveres _c1848 |
||
| 300 |
_a2 v. _bil. _c26 cm. |
||
| 500 | _aContenido : v 1. Primera parte. Retrato de Cervantes. Noticia nsobre la vida y obra de Cervantes por Viardot. Dedicatoria del autor. Prólogo del autor. Versos preliminares. Texto. -- v 2. Segunda parte. Dedicatoria del autor. Prólogo del autor. Texto | ||
| 500 | _aEdición : Nueva edición adornada con 800 láminas repartdas por el contexto | ||
| 500 | _aReproducción de la edición barcelonesa de Bergnes, 1839-40, con los mismos dibujos de T. Johannot y retrato de Cervantes. Sólo se diferencian en las portadas. Semipiel; lomeras con adornos dorados Lúdovik Osterc | ||
| 500 | _aQM117 | ||
| 650 | 1 | 4 |
_aNovela española _yÉpoca clásica, 1500-1700 _9215 |
| 650 | 1 | 4 |
_aLiteratura española _yÉpoca clásica, 1500-1700 _9216 |
| 650 | 1 | 4 |
_aNovela española _ySiglo XVII _9217 |
| 650 | 1 | 4 |
_aDon Quijote (Personaje ficticio) _eNovela _9218 |
| 700 | 1 |
_aViardot, Luis _d1800-1883 _eBiógrafo _97191 |
|
| 740 | 0 | _aEl Ingenioso Hidalgo Don Quijote de la Mancha | |
| 902 | _aQFM | ||
| 942 |
_2lcc _cB |
||
| 999 |
_c2235 _d2235 |
||